000 00380nam a22001337a 4500
082 _a363.7282
_bEDW
_cD
100 _aEdwards, Peter.
_938148
245 _aReuse of humans wastes in aquaculture
_cPeter Edwards
260 _aWashington :
_bThe World Bank,
_c1992.
300 _axvii, 350 p. :
526 _a0
_b0
_c0
_d363_728200000000000_EDW
650 _aMCE
_9379
942 _2ddc
_cBK
999 _c542802
_d542802